Textbook Of Electrical Technology (Record no. 298916)
[ view plain ]
| 000 -LEADER | |
|---|---|
| fixed length control field | 00386nam a2200157Ia 4500 |
| 008 - FIXED-LENGTH DATA ELEMENTS--GENERAL INFORMATION | |
| fixed length control field | 230718s9999 xx 000 0 und d |
| 041 ## - LANGUAGE CODE | |
| Language code of text/sound track or separate title | eng |
| 082 ## - DEWEY DECIMAL CLASSIFICATION NUMBER | |
| Classification number | 621.37 |
| Item number | THE |
| 100 ## - MAIN ENTRY--PERSONAL NAME | |
| Personal name | Theraja B.L. |
| 9 (RLIN) | 126181 |
| 245 ## - TITLE STATEMENT | |
| Title | Textbook Of Electrical Technology |
| 260 ## - PUBLICATION, DISTRIBUTION, ETC. (IMPRINT) | |
| Date of publication, distribution, etc. | 1988 |
| Name of publisher, distributor, etc. | S .Chand Pub |
| 300 ## - PHYSICAL DESCRIPTION | |
| Extent | 1144 |
| 365 ## - TRADE PRICE | |
| Currency code | Rs. |
| 700 ## - ADDED ENTRY--PERSONAL NAME | |
| Personal name | Theraja B.L. & Theraja A.K. |
| 906 ## - LOCAL DATA ELEMENT F, LDF (RLIN) | |
| c | ETC |
| Withdrawn status | Lost status | Damaged status | Not for loan | Home library | Current library | Date acquired | Vendor | Budget Code | Full call number | Barcode | Date last seen | Bill Date | Koha item type | Original Barcode |
|---|---|---|---|---|---|---|---|---|---|---|---|---|---|---|
| Withdrawn | Cummins College of Engineering for Women Pune | Cummins College of Engineering for Women Pune | 10/04/1999 | Masurkar Enterprises | ETC | 621.37 | CCEP-BK-10122 | 18/07/2023 | 18/07/2023 | Books | 010122 |